Linguistique anglaise (notice n° 1961211)
[ vue normale ]
| 000 -LEADER | |
|---|---|
| fixed length control field | 01052cam a2200133 4500500 |
| 005 - DATE AND TIME OF LATEST TRANSACTION | |
| control field | 20260329034137.0 |
| 041 ## - LANGUAGE CODE | |
| Language code of text/sound track or separate title | fre |
| 042 ## - AUTHENTICATION CODE | |
| Authentication code | dc |
| 100 10 - MAIN ENTRY--PERSONAL NAME | |
| Personal name | Mignot, Élise |
| Relator term | author |
| 245 00 - TITLE STATEMENT | |
| Title | Linguistique anglaise |
| 260 ## - PUBLICATION, DISTRIBUTION, ETC. | |
| Name of publisher, distributor, etc. | Armand Colin,<br/> |
| Date of publication, distribution, etc. | 2016.<br/> |
| 520 ## - SUMMARY, ETC. | |
| Summary, etc. | Cet ouvrage présente et interprète le fonctionnement de la langue anglaise. Il adopte une approche sémantique de la grammaire afin de comprendre la mise en forme du sens.Il rappelle les bases de l’analyse grammaticale, et expose les connaissances nécessaires à la production d’un commentaire linguistique. L’ouvrage est constitué de quatre parties :- les éléments de description grammaticale ;- le syntagme nominal ;- le verbe : temps, aspect, modalité ;- les propositions.L’ouvrage sera utile aux étudiants de Licence d’anglais tout au long de leur cursus, ainsi qu’aux étudiants préparant les concours du CAPES et de l’Agrégation. |
| 856 41 - ELECTRONIC LOCATION AND ACCESS | |
| Uniform Resource Identifier | <a href="https://shs.cairn.info/linguistique-anglaise--9782200612276?lang=fr&redirect-ssocas=7080">https://shs.cairn.info/linguistique-anglaise--9782200612276?lang=fr&redirect-ssocas=7080</a> |
Pas d'exemplaire disponible.




Réseaux sociaux